Il popolo di Dio

محفوظ في:
التفاصيل البيبلوغرافية
المؤلف الرئيسي: Feliciani, Giorgio (مؤلف)
التنسيق: كتاب
اللغة:الإيطالية
منشور في: Bolonia Societa editrice il Mulino 1991
الموضوعات:
الوسوم: إضافة وسم
لا توجد وسوم, كن أول من يضع وسما على هذه التسجيلة!

MARC

LEADER 00000nam a2200000 a 4500
001 UCV3171
003 CL-VaPUC
008 930422e19910000IT |||||||||||||||||ita|d
082 0 4 |a 262.9  |b FEL  |2 21 
100 0 |a Feliciani, Giorgio  |e author  |9 297414 
245 1 3 |a Il popolo di Dio 
300 |a 184 p 
942 |c BK 
945 |d 19930422 00:00:00 
260 |a Bolonia  |b Societa editrice il Mulino  |c 1991 
650 0 |a Vida cristiana  |9 258753 
650 7 |a DERECHO CANONICO  |2 CL-VaPUC  |9 297415 
583 |a last modification  |c 19930422 00:00:00  |k Rodrigo Vera 
999 |c 210483  |d 210481 
952 |0 0  |1 0  |4 0  |6 262_900000000000000_FEL_1991  |7 0  |8 A  |9 186767  |a BIBDER  |b BIBDER  |d 2019-11-14  |i 254380K  |o 262.9 FEL 1991  |p 254380K  |r 2023-01-25  |w 2019-11-14  |y BK  |k DER